Score 0/14 Timer 01:30
0 Plays Today
% Correct
CHEEK
94.3%
THICK
94.3%
★CHEAP★
90.5%
CHEEP
89.1%
★TRICK★
88.1%
RIDE
87.3%
CHICK
85.8%
% Correct
★RUSH★
82.6%
RUDE
81.1%
CHECK
78.7%
RUSE
75%
RIDS
74.9%
KIDS
66.2%
★KISS★
51%

Today's Daily Dose

Remove Ads.
Support Sporcle.
Get the best of Sporcle when you Go Orange. This ad-free experience offers more features, more stats, and more fun while also helping to support Sporcle. Thank you for becoming a member.

You're not logged in!

Compare scores with friends on all Sporcle quizzes.
OR
Log In

Show Comments

Extras

Top Quizzes Today


Score Distribution

Your Account Isn't Verified!

In order to create a playlist on Sporcle, you need to verify the email address you used during registration. Go to your Sporcle Settings to finish the process.

Report this User

Report this user for behavior that violates our Community Guidelines.

Details: